000 00431nam a2200157 4500
008 251231b |||||||| |||| 00| 0 eng d
020 _a9780071795579
082 _a519.2 SPI
100 _aMurray R. Spiegel ,John J. Schiller, R. Alu Srinivasan
245 _aSchaum's Outline of Probability and Statistics
250 _a4th
260 _aNew Delhi
_bMcGraw Hill
_c2013
300 _a424
650 _aMSc-CA
942 _2ddc
_cR
999 _c65140
_d65140